Fee calculation post Ryde's scale (Record no. 72288)
[ view plain ]
| 000 -LEADER | |
|---|---|
| fixed length control field | 01340cam a2200229 4500 |
| 001 - CONTROL NUMBER | |
| control field | WB3910-09 |
| 008 - FIXED-LENGTH DATA ELEMENTS--GENERAL INFORMATION | |
| fixed length control field | 030311n2003 000 0 eng u |
| 035 ## - SYSTEM CONTROL NUMBER | |
| System control number | (Sirsi) u121604 |
| 245 ## - TITLE STATEMENT | |
| Title | Fee calculation post Ryde's scale |
| 260 ## - PUBLICATION, DISTRIBUTION, ETC. | |
| Date of publication, distribution, etc. | 2003 |
| 490 ## - SERIES STATEMENT | |
| Series statement | RICS Feature |
| Volume/sequential designation | 6 March 2003, (4) |
| 520 ## - SUMMARY, ETC. | |
| Summary, etc. | A guidance note has been produced to advise RICS members on how to calculate surveyors' fees to be reimbursed as part of a compulsory purchase claim after the abolition of Ryde's scale with effect from 18 July 2002. Fees in future will normally be assessed on a reasonable basis agreed between the parties. Separate guidance is provided for claims settled or made before 18 July 2002 and claims settled or made after 18 July 2002. Covers also other bases for calculating fees, time recording and disputes. The RICS Compulsory Purchase Panel will review the guidance note no later than one year after its coming into force. http://www.rics.org/ricscms/bin/show?class=Feature&template=/includes/showfeature.html&id=493 |
| 590 ## - LOCAL NOTE (RLIN) | |
| Local note | WB |
| 650 ## - SUBJECT ADDED ENTRY--TOPICAL TERM | |
| Topical term or geographic name entry element | RYDE'S SCALE |
| 650 ## - SUBJECT ADDED ENTRY--TOPICAL TERM | |
| Topical term or geographic name entry element | FEE CALCULATION |
| 650 ## - SUBJECT ADDED ENTRY--TOPICAL TERM | |
| Topical term or geographic name entry element | PLANNING |
| 650 ## - SUBJECT ADDED ENTRY--TOPICAL TERM | |
| Topical term or geographic name entry element | SURVEYORS' FEES |
| 650 ## - SUBJECT ADDED ENTRY--TOPICAL TERM | |
| Topical term or geographic name entry element | TIME RECORDING |
| 650 ## - SUBJECT ADDED ENTRY--TOPICAL TERM | |
| Topical term or geographic name entry element | DISPUTES |
| 690 ## - LOCAL SUBJECT ADDED ENTRY--TOPICAL TERM (OCLC, RLIN) | |
| Topical term or geographic name as entry element | ENVIRONMENTAL AND LAND CONSULTANCY-PLANNING AND DEVELOPMENT-COMPULSORY PURCHASE AND COMPENSATION |
| 942 ## - ADDED ENTRY ELEMENTS (KOHA) | |
| Suppress in OPAC | 0 |
| Withdrawn status | Lost status | Source of classification or shelving scheme | Damaged status | Not for loan | Home library | Current library | Shelving location | Date acquired | Total Checkouts | Full call number | Barcode | Date last seen | Copy number | Price effective from | Koha item type |
|---|---|---|---|---|---|---|---|---|---|---|---|---|---|---|---|
| Dewey Decimal Classification | London | London | News article | 11/03/2003 | WB3910-09 | 121604-1001 | 06/08/2019 | 1 | 06/08/2019 | News article |